<?xml version="1.0" encoding="UTF-8"?>
<record
    xmlns:xsi="http://www.w3.org/2001/XMLSchema-instance"
    xsi:schemaLocation="http://www.loc.gov/MARC21/slim http://www.loc.gov/standards/marcxml/schema/MARC21slim.xsd"
    xmlns="http://www.loc.gov/MARC21/slim">

  <leader>00496nam a2200181Ia 4500</leader>
  <controlfield tag="008">230711s9999||||xx |||||||||||||| ||und||</controlfield>
  <datafield tag="020" ind1=" " ind2=" ">
    <subfield code="a">978-93-392-2163-8</subfield>
  </datafield>
  <datafield tag="041" ind1=" " ind2=" ">
    <subfield code="a">ENG</subfield>
  </datafield>
  <datafield tag="082" ind1=" " ind2=" ">
    <subfield code="a">621.815</subfield>
    <subfield code="b">BU-M</subfield>
  </datafield>
  <datafield tag="100" ind1=" " ind2=" ">
    <subfield code="a">Budynas,Richard G</subfield>
  </datafield>
  <datafield tag="245" ind1=" " ind2="0">
    <subfield code="a">Shigley's Mechanical Engineering Design</subfield>
  </datafield>
  <datafield tag="250" ind1=" " ind2=" ">
    <subfield code="a">10th Ed.</subfield>
  </datafield>
  <datafield tag="260" ind1=" " ind2=" ">
    <subfield code="c">2017</subfield>
    <subfield code="a">New Delhi</subfield>
    <subfield code="b">McGraw Hill Education(India) Private Limited</subfield>
  </datafield>
  <datafield tag="300" ind1=" " ind2=" ">
    <subfield code="a">1082p.</subfield>
  </datafield>
  <datafield tag="650" ind1=" " ind2=" ">
    <subfield code="a">Mechanical Engineering</subfield>
  </datafield>
  <datafield tag="700" ind1=" " ind2=" ">
    <subfield code="a">Keith Nisbett,J</subfield>
  </datafield>
  <datafield tag="942" ind1=" " ind2=" ">
    <subfield code="c">BK</subfield>
  </datafield>
  <datafield tag="952" ind1=" " ind2=" ">
    <subfield code="0">0</subfield>
    <subfield code="1">0</subfield>
    <subfield code="4">0</subfield>
    <subfield code="7">0</subfield>
    <subfield code="8">C</subfield>
    <subfield code="a">MCL</subfield>
    <subfield code="b">MCL</subfield>
    <subfield code="d">2043-08-08</subfield>
    <subfield code="e">Krishna Book Distributors</subfield>
    <subfield code="g">850.00</subfield>
    <subfield code="i">KBD/2017-2018/1019243059</subfield>
    <subfield code="l">0</subfield>
    <subfield code="o">621.815 BU-M</subfield>
    <subfield code="p">39437</subfield>
    <subfield code="r">2023-08-17 14:05:46</subfield>
    <subfield code="w">2023-08-17</subfield>
    <subfield code="y">BK</subfield>
  </datafield>
  <datafield tag="952" ind1=" " ind2=" ">
    <subfield code="0">0</subfield>
    <subfield code="1">0</subfield>
    <subfield code="4">0</subfield>
    <subfield code="7">0</subfield>
    <subfield code="8">C</subfield>
    <subfield code="a">MCL</subfield>
    <subfield code="b">MCL</subfield>
    <subfield code="d">2043-08-08</subfield>
    <subfield code="e">Krishna Book Distributors</subfield>
    <subfield code="g">850.00</subfield>
    <subfield code="i">KBD/2017-2018/1019243059</subfield>
    <subfield code="l">0</subfield>
    <subfield code="o">621.815 BU-M</subfield>
    <subfield code="p">39438</subfield>
    <subfield code="r">2023-08-17 14:59:14</subfield>
    <subfield code="w">2023-08-17</subfield>
    <subfield code="y">BK</subfield>
  </datafield>
  <datafield tag="952" ind1=" " ind2=" ">
    <subfield code="0">0</subfield>
    <subfield code="1">0</subfield>
    <subfield code="4">0</subfield>
    <subfield code="7">0</subfield>
    <subfield code="8">C</subfield>
    <subfield code="a">MCL</subfield>
    <subfield code="b">MCL</subfield>
    <subfield code="d">2043-08-08</subfield>
    <subfield code="e">Krishna Book Distributors</subfield>
    <subfield code="g">850.00</subfield>
    <subfield code="i">KBD/2017-2018/1019243059</subfield>
    <subfield code="l">0</subfield>
    <subfield code="o">621.815 BU-M</subfield>
    <subfield code="p">39439</subfield>
    <subfield code="r">2023-08-17 14:59:14</subfield>
    <subfield code="w">2023-08-17</subfield>
    <subfield code="y">BK</subfield>
  </datafield>
  <datafield tag="952" ind1=" " ind2=" ">
    <subfield code="0">0</subfield>
    <subfield code="1">0</subfield>
    <subfield code="4">0</subfield>
    <subfield code="7">0</subfield>
    <subfield code="8">C</subfield>
    <subfield code="a">MCL</subfield>
    <subfield code="b">MCL</subfield>
    <subfield code="d">2043-08-08</subfield>
    <subfield code="e">Krishna Book Distributors</subfield>
    <subfield code="g">850.00</subfield>
    <subfield code="i">KBD/2017-2018/1019243059</subfield>
    <subfield code="l">0</subfield>
    <subfield code="o">621.815 BU-M</subfield>
    <subfield code="p">39440</subfield>
    <subfield code="r">2023-08-17 14:59:14</subfield>
    <subfield code="w">2023-08-17</subfield>
    <subfield code="y">BK</subfield>
  </datafield>
  <datafield tag="952" ind1=" " ind2=" ">
    <subfield code="0">0</subfield>
    <subfield code="1">0</subfield>
    <subfield code="4">0</subfield>
    <subfield code="7">0</subfield>
    <subfield code="8">C</subfield>
    <subfield code="a">MCL</subfield>
    <subfield code="b">MCL</subfield>
    <subfield code="d">2043-08-08</subfield>
    <subfield code="e">Krishna Book Distributors</subfield>
    <subfield code="g">850.00</subfield>
    <subfield code="i">KBD/2017-2018/1019243059</subfield>
    <subfield code="l">0</subfield>
    <subfield code="o">621.815 BU-M</subfield>
    <subfield code="p">39441</subfield>
    <subfield code="r">2023-08-17 14:59:14</subfield>
    <subfield code="w">2023-08-17</subfield>
    <subfield code="y">BK</subfield>
  </datafield>
  <datafield tag="999" ind1=" " ind2=" ">
    <subfield code="c">6642</subfield>
    <subfield code="d">6642</subfield>
  </datafield>
</record>
